Statistiques concernant Pays similaires à la France

Cliquez ici pour prendre le quiz!

Statistiques générales

  • Ce quiz a été pris 30 fois
  • Le résultat moyen est 3 sur 10

Statistiques - réponses

CritèrePays le plus similaire% Correct
Produit intérieur Brut (FMI 2018)Royaume Uni
75%
PIB par habitant (FMI 2021)Royaume Uni
54%
populationTanzanie
54%
Dette extérieure absolue (publique + privée)Allemagne
36%
superficieBirmanie
29%
superficie (métropole)Yémen
25%
Indice de développement humainRépublique Tchèque
14%
densité de population (métropole)Azerbaïdjan
11%
densité de populationSerbie
7%
Dette extérieure relativeFinlande
4%

Distribution des résultats

Percentile par nombre de réponses

% des personnes avec chaque résultat

Votre développement - résultats

Vous n’avez pas pris ce quiz